| 000 | 00482cam a2200157 a 4500 | ||
|---|---|---|---|
| 020 | _a0804820570 (pbk.) : | ||
| 040 | _cMiGr | ||
| 082 | 0 | 0 | _a915 CHA 1996 A103 Or. |
| 100 | 1 | _aMartin, John H., | |
| 245 | 1 | 0 | _aTokyo, a cultural guide to Japan's capital city / |
| 250 | _a1st ed. | ||
| 260 |
_aRutland, Vt. ; _aTokyo, Japan : _bCharles E. Tuttle Co., _c1996. |
||
| 300 |
_a296 p., [8] p. of plates : _bill. (some col.), maps ; _c19 cm. |
||
| 700 | 1 | _aMartin, Phyllis G. | |
| 942 | _cEK | ||
| 999 |
_c14482 _d14482 |
||